Normal view
MARC view
Entry Personal Name
001 - CONTROL NUMBER
- control field: 15600
003 - CONTROL NUMBER IDENTIFIER
- control field: OSt
005 - DATE AND TIME OF LATEST TRANSACTION
- control field: 20250324214045.0
008 - FIXED-LENGTH DATA ELEMENTS
- fixed length control field: 250324|| aca||aabn | a|a d
040 ## - CATALOGING SOURCE
- Original cataloging agency: OSt
- Transcribing agency: OSt
100 ## - HEADING--PERSONAL NAME
- Personal name: Lontoc, Armie p., author
670 ## - SOURCE DATA FOUND
- Source citation: Work cat.: (OSt): Bay, Mylyn A., author. 15599, Training needs in food technology of bachelor of science in industrial education graduates of cavite state university rosario campus s.y. 20021-2002 and 2002-2003, 2005
